Statistiques concernant Culture Générale - Série 326

Cliquez ici pour prendre le quiz!

Statistiques générales

  • Ce quiz a été pris 321 fois
    (273 depuis la dernière actualisation)
  • Le résultat moyen est 6 sur 10

Statistiques - réponses

QuestionRéponse% Correct
Quelle est la langue officielle de Cuba ?L'espagnol
96%
Lors d'un Grand Prix de F1, combien de pilotes marquent des points ?10
73%
Au restaurant, que vous sert-on si vous avez demandé un carrelet ?Du poisson
73%
De quel jeu le snooker est-il une variante ?Le billard
61%
Quel nom désigne les gendarmes italiens en français ?Carabinier
56%
Quelle mythologie compte Toutatis parmi ses divinités ?Celte
53%
De quel chanteur Jean-Paul Rouve est-il le sosie dans "Podium" ?Michel Polnareff
50%
Quel mot d'origine arabe désigne une rivière en Afrique du Nord ?Oued
48%
De quelle ville la confiserie appelée bergamote est-elle une spécialité ?Nancy
37%
A la roulette, quel terme s'oppose à celui de "manque" ?Passe
33%

Distribution des résultats

Percentile par nombre de réponses

% des personnes avec chaque résultat

Votre développement - résultats

Vous n’avez pas pris ce quiz depuis la dernière actualisation